000 00274nam a2200109Ia 4500
001 1265650
005 20260417142031.0
008 260417s9999 xx 000 0 und d
020 _a9789752899285
245 0 _aGizli Emir
_cMelih Cevdet Anday
260 _bEverest Yayınları
999 _c1265650
_d1265650